00422nam a22001577a 450000500170000001000170001702000260003403500170006003700250007708200060010224500670010826000380017527000200021330000250023349000060025820111208164817.0 aB-470858-865 a9788179631461c175.00 aB-470858-865 bBlueberry Books/Ven  aS aRead and gorw with Bruno:bBrunos' green story book ( age 2-6) aMumbai bShree Books Centrec201? bMumbai e400016 aunpaged c23 cm (Hb) a